Normal view
MARC view
- المحاكمات المدنية -- الاردن
Entry Topical Term
001 - CONTROL NUMBER
- control field: 46715
003 - CONTROL NUMBER IDENTIFIER
- control field: JO-AjAnu
005 - DATE AND TIME OF LATEST TRANSACTION
- control field: 20230606081722.0
008 - FIXED-LENGTH DATA ELEMENTS
- fixed length control field: 230606|| aca||aabn | a|a d
040 ## - CATALOGING SOURCE
- Original cataloging agency: JO-AjAnu
- Transcribing agency: JO-AjAnu
150 ## - HEADING--TOPICAL TERM
- Topical term or geographic name entry element: المحاكمات المدنية -- الاردن
670 ## - SOURCE DATA FOUND
- Source citation: Work cat.: (JO-AjAnu)23911: إعداد رولا تقي سليم الاحمد؛ إشراف محمد الزعبي , author 46714, الوساطة لتسوية النزاعات المدنية في القانون الأردني " دراسة مقارنة "